| 000 | 00646nam a22002057a 4500 | ||
|---|---|---|---|
| 003 | NUST - PNEC | ||
| 005 | 20170116181203.0 | ||
| 008 | 160218b xxu||||| |||| 00| 0 eng d | ||
| 020 | _a9780070634343 | ||
| 040 | _cLIBRARY | ||
| 082 | _a670.285 ZEI | ||
| 100 |
_916523 _aZeid, Ibrahim |
||
| 245 |
_aMastering CAD/CAM _cIbrahim Zeid |
||
| 250 | _a- | ||
| 260 |
_aDelhi _bMcGraw Hill Education _cc.2005 |
||
| 300 | _a932 pages | ||
| 650 |
_916524 _aCAD/CAM systems _xME, IME |
||
| 856 | _uhttp://www.amazon.com/Mastering-CAD-CAM-Special-Indian/dp/0070634343/ref=sr_1_1?ie=UTF8&qid=1455783287&sr=8-1&keywords=9780070634343 | ||
| 942 |
_2ddc _cBK |
||
| 999 |
_c71521 _d71521 |
||